000 01587cam a2200445 a 4500
001 20665
003 VRT
005 20260128150421.0
008 251029s2016 vp g 000 j slo
015 _aSNBZSA2021/03
020 _a9788651703112
_q(brož.)
039 9 _a202510291317
_bVLOAD
_c202403182252
_dVLOAD
_c202107071124
_dmsnk18
_c202103151632
_dmsnk18
040 _aSVKBB
_bslo
_cSVKBB
_dSNK
_eAACR2
041 0 _aslo
044 _arb
_cRS
_axo
_cSK
072 7 _a821.162.4-3
_xSlovenská próza
_2konspekt
080 _a821.162.4-32
_22011
080 _a(0:82-32)
_22011
080 _a(082.21)
_22011
100 1 _aKukučín, Martin,
_d1860-1928
_4aut
245 1 0 _aNeprebudený
_cMartin Kukučín
250 _a1. vyd.
260 _a[Beograd]
_bLiber Novus
_a[Bratislava]
_bRingier Axel Springer Slovakia
_c[2016]
300 _a63 s.
_c21 cm
490 1 _aNový čas Knižnica
490 1 _aSlovenská klasika
_v7
500 _aKniha je vyrobená exkluzívne pre denník Nový čas v rámci projektu Nový čas Knižnica
500 _aArchaizmy: s. 62-63
655 7 _aslovenské poviedky
_2SNKPH
655 7 _aSlovak stories
_2SNKPHeng
655 7 _avýbery
_2SNKPH
655 7 _aSelections
_2SNKPHeng
810 2 _aNový čas.
_tKnižnica
830 0 _aSlovenská klasika
942 _2ddc
_cKLDO
_n0
949 _617A1390019
_asnkSC 186146
_bsnk2019/25496
_o1744/19
_s6100:20210729
949 _617A1390020
_asnkSC 186146 D1
_bsnk2019/25497
_o1744/19
949 _6270001000530198
_asvkbbA 147863
_bsvkbbm 761570
999 _c20665
_d20665